Obálka Náhled e-knihy:
PDF Epub
Pro půjčování e-knih musíte být přihlášeni.
Jak si půjčit online?

Dusty 9: Záchranca v núdzi /

Keď sa Karlotina kamarátka Nuria po narodeninovej oslave na lesnom ihrisku nevráti domov, Paul vie, čo musí urobiť. Spolu s Dustym sa vydá zmiznuté dievča hľadať. Ale ani skúsený stopár Dusty spočiatku nič nenájde. Polícia má vážne podozrenie, že dievča nastúpilo do cudzieho auta a uniesli ho. Paul...

Celý popis

Uloženo v:
Série:Dusty (SK), část 9
Hlavní autor: Andersen, Jan (Autor)
Médium: E-kniha
Jazyk:Czech
Vydáno: Praha : Albatros Media Slovakia s.r.o., 2025
Příbuzné jednotky:Z cyklu:: Dusty (SK)
Tagy:
Žádné tagy
LEADER 01572nam a22002417i 4500
001 302685
007 ta
008 260514s2025 xr ||||| |||| 00| 0 cze d
020 |a 9788056647257 
044 |a xr 
100 1 |a  Andersen, Jan  |4 aut 
245 1 0 |a Dusty 9: Záchranca v núdzi /  |c  Andersen, Jan 
240 1 0 |a Dusty 9: Retter in der Not 
264 1 |a Praha :  |b Albatros Media Slovakia s.r.o.,  |c 2025 
300 |a 1 online zdroj (120 stran) 
336 |a text  |b txt  |2 rdacontent 
337 |a bez média  |b n  |2 rdamedia 
338 |a online zdroj  |b cr  |2 rdacarrier 
520 2 |a Keď sa Karlotina kamarátka Nuria po narodeninovej oslave na lesnom ihrisku nevráti domov, Paul vie, čo musí urobiť. Spolu s Dustym sa vydá zmiznuté dievča hľadať. Ale ani skúsený stopár Dusty spočiatku nič nenájde. Polícia má vážne podozrenie, že dievča nastúpilo do cudzieho auta a uniesli ho. Paul a jeho kamarátka Alex však tejto teórii neveria, Nuria by totiž nikdy nič také neurobila! Neďaleko lesa sa navyše nachádza nebezpečný močiar... Koľko času im ešte ostáva? 
787 0 8 |g 9  |i Z cyklu:  |t Dusty (SK) 
910 |a RBIT002 
998 |d 426941  |a https://core.palmknihy.cz/api/books/426941/cover?tesghv  |b https://core.palmknihy.cz/api/books/426941/cover/400?tesghv  |c https://core.palmknihy.cz/api/books/426941/cover/50?tesghv  |e 2029-06-13  |g 120  |i 9788056647257  |j https://core.palmknihy.cz/api/books/426941/preview.epub  |k https://core.palmknihy.cz/api/books/426941/preview.pdf  |l   |q 49  |r 1  |s https://www.palmknihy.cz/kniha/426941  |t ebook  |y 2025  |z 1  |v Dusty (SK)  |w 9 
999 |d 302683